Sports Quiz

Random Sports or NFL Quiz

Any NFL Team Besides the Bengals Quiz Stats

 Plays Quiz Updated Jan 1, 2020

     
Support Sporcle.
Go Orange.
Score 0/19 Timer 02:00
5 Plays Today
Hint Answer % Correct
Is in AFC NorthCleveland Browns
95.8%
In a State that Borders KentuckyCleveland Browns
95.8%
Is in AFC NorthPittsburgh Steelers
92.6%
Is in AFC NorthBaltimore Ravens
89%
Have appeared in and never won a Super BowlTennessee Titans
87.1%
In a State that Borders KentuckyTennessee Titans
86.8%
Started Terrell Owens at WRSan Francisco 49ers
80.7%
Started Terrell Owens at WRDallas Cowboys
80.6%
Have appeared in and never won a Super BowlBuffalo Bills
76.5%
Started Terrell Owens at WRBuffalo Bills
76.5%
Hint Answer % Correct
Started Terrell Owens at WRPhiladelphia Eagles
75.2%
In a State that Borders KentuckyIndianapolis Colts
73.8%
Have appeared in and never won a Super BowlCarolina Panthers
72.2%
In a State that Borders KentuckyChicago Bears
69%
Have appeared in and never won a Super BowlMinnesota Vikings
68.2%
Have appeared in and never won a Super BowlAtlanta Falcons
61.2%
In a State that Borders KentuckyKansas City Chiefs
61.1%
Have appeared in and never won a Super BowlLos Angeles Chargers
54.9%
Have appeared in and never won a Super BowlArizona Cardinals
52.8%

From the Vault

Vegetables in Spanish

by PrincessMartell

Now's the time to brush up on all the Spanish you've forgotten after taking four years of it in high school.
Remove Ads.
Support Sporcle.
Get the best of Sporcle when you Go Orange. This ad-free experience offers more features, more stats, and more fun while also helping to support Sporcle. Thank you for becoming a member.

Show Comments

Extras

Top Quizzes Today


Score Distribution

Your Account Isn't Verified!

In order to create a playlist on Sporcle, you need to verify the email address you used during registration. Go to your Sporcle Settings to finish the process.

Report this User

Report this user for behavior that violates our Community Guidelines.

Details: